Sports Quiz

Random Sports or Numbers Quiz

Devils Players since 1994-1995 Season Quiz Stats

 Plays Quiz not verified by Sporcle

Challenge
Share
Tweet
Embed
Score 0/159 Timer 20:00
0 Plays Today
Years with team Player % Correct
91-92; 93-94 to 09-10Martin Brodeur
95.5%
91-92 to 03-04Scott Stevens
91.4%
95-96 to 09-10Patrik Elias
88.7%
92-93 to 03-04Scott Niedermayer
86%
09-10Rob Niedermayer
85.6%
05-06 to 09-10Zach Parise
85.1%
97-98 to 01-02Jason Arnott
83.8%
83-84 to 02-03Ken Daneyko
83.3%
01-02 to 09-10Jamie Langenbrunner
82.9%
99-00 to 06-07Scott Gomez
81.5%
94-95 to 99-00; 08-09 to 09-10Brian Rolston
78.4%
98-99 to 08-09John Madden
77.5%
99-00 to 09-10Colin White
77.5%
06-07 to 09-10Travis Zajac
77%
92-93 to 01-02; 08-09Bobby Holik
75.7%
01-02 to 08-09Brian Gionta
75.2%
95-96 to 01-02Petr Sykora
74.8%
03-04 to 09-10Paul Martin
73.4%
99-00 to 00-01; 05-06Alexander Mogilny
73.4%
90-91 to 94-95; 99-00Claude Lemieux
73%
95-96Jocelyn Lemieux
72.1%
96-97 to 09-10Jay Pandolfo
71.6%
99-00 to 06-07Brian Rafalski
71.6%
01-02; 03-04 to 06-07; 08-09Scott Clemmensen
71.2%
07-08 to 09-10Dainius Zubrus
71.2%
07-08 to 08-09Kevin Weekes
68.9%
90-91 to 95-96; 98-99 to 00-01Chris Terreri
68%
06-07 to 09-10Johnny Oduya
67.1%
94-95 to 07-08Sergei Brylin
65.3%
06-07 to 09-10Andy Greene
64.4%
88-89 to 95-96; 01-02 to 05-06Tommy Albelin
64%
07-08 to 09-10Nicklas Bergfors
61.3%
92-93 to 97-98Bill Guerin
61.3%
83-84 to 97-98John MacLean
59.9%
92-93 to 95-96; 01-02Stephane Richer
59.9%
91-92 to 01-02Randy McKay
59.5%
08-09Brendan Shanahan
59.5%
02-03 to 03-04; 06-07 to 08-09Michael Rupp
59%
06-07 to 09-10David Clarkson
57.7%
83-84 to 94-95Bruce Driver
57.7%
93-94 to 96-97Jason Smith
57.7%
96-97 to 97-98Doug Gilmour
56.3%
01-02 to 02-03Joe Nieuwendyk
55.4%
91-92 to 97-98Valeri Zelepukin
54.5%
94-95 to 96-97Neal Broten
53.6%
99-00; 05-06Vladimir Malakhov
53.6%
95-96 to 98-99Dave Andreychuk
52.7%
02-03 to 03-04Jeff Friesen
52.3%
06-07 to 07-08; 09-10Rod Pelley
51.8%
09-10Yann Danis
50%
93-94 to 96-97Mike Peluso
49.5%
96-97 to 99-00; 05-06Krzysztof Oliwa
48.2%
95-96; 02-03 to 03-04Corey Schwab
48.2%
Years with team Player % Correct
96-97 to 97-98Mike Dunham
47.3%
07-08 to 09-10Mike Mottau
46.8%
00-01 to 01-02John Vanbiesbrouck
46.8%
08-09 to 09-10Pierre-Luc Letourneau-Leblond
44.6%
95-96 to 97-98Steve Thomas
44.6%
93-94 to 98-99Bobby Carpenter
44.1%
07-08 to 09-10Bryce Salvador
43.2%
00-01 to 03-04Turner Stevenson
43.2%
92-93 to 95-96; 06-07Jim Dowd
42.8%
05-06 to 06-07Cam Janssen
42.8%
09-10Andrew Peters
42.8%
03-04 to 05-06Sean Brown
42.3%
02-03 to 05-06Grant Marshall
41.9%
94-95 to 96-97Shawn Chambers
41.4%
98-99 to 01-02Sergei Nemchinov
41%
97-98 to 99-00Brendan Morrison
40.5%
06-07; 09-10Mark Fraser
38.3%
09-10Ilkka Pikkarainen
37.8%
07-08Arron Asham
37.4%
92-93 to 94-95Tom Chorske
36.9%
03-04 to 05-06Viktor Kozlov
36%
01-02Jean-Francois Damphousse
35.1%
05-06 to 06-07Richard Matvichuk
34.7%
00-01 to 02-03Jim McKenzie
34.7%
08-09Anssi Salmela
34.7%
94-95Danton Cole
34.2%
03-04 to 06-07David Hale
34.2%
94-95 to 98-99Kevin Dean
33.8%
01-02 to 03-04Christian Berglund
33.3%
08-09 to 09-10Matt Halischuk
33.3%
00-01 to 03-04Jiri Bicek
32.9%
95-96 to 99-00Denis Pederson
32.9%
96-97; 02-03; 05-06Pascal Rheaume
32.9%
02-03Oleg Tverdovsky
32.9%
95-96 to 96-97Steve Sullivan
32.4%
97-98 to 99-00Brad Bombardir
32%
01-02 to 02-03Andrei Zyuzin
32%
99-00 to 00-01Steve Kelly
31.5%
97-98 to 00-01Ken Sutton
31.1%
03-04Igor Larionov
30.6%
95-96 to 99-00Lyle Odelein
30.6%
95-96Esa Tikkanen
30.6%
96-97 to 97-98Peter Zezel
30.6%
03-04 to 06-07Tuomas Pihlman
30.2%
00-01; 02-03Mike Danton
29.7%
08-09Niclas Havelid
28.8%
03-04 to 06-07Erik Rasmussen
28.4%
97-98 to 99-00Sheldon Souray
28.4%
00-01Bob Corkum
27.9%
02-03Steve Guolla
27.9%
02-03Richard Smehlik
27.9%
07-08 to 08-09Sheldon Brookbank
27.5%
99-00Deron Quint
27.5%
Years with team Player % Correct
95-96Phil Housley
27%
00-01Sean O'Donnell
27%
05-06 to 08-09Barry Tallackson
27%
97-98 to 98-99Scott Daniels
26.6%
05-06Dan McGillis
26.1%
96-97; 98-99 to 99-00Vadim Sharifijanov
26.1%
99-00 (Playoffs Only)Steve Brule
25.7%
05-06 to 06-07Brad Lukowich
25.2%
92-93 to 93-94; 95-96Scott Pellerin
25.2%
09-10Cory Murphy
25.2%
97-98Doug Bodger
24.8%
96-97Dave Ellet
24.8%
07-08Karel Rachunek
24.8%
03-04Jan Hrdina
24.3%
01-02Valeri Kamensky
23.9%
99-00 to 00-01Willie Mitchell
23.9%
97-98Peter Sidorkiewicz
23.9%
94-95Chris McAlpine
23.4%
00-01 to 01-02Mike Commodore
23%
05-06Darren Langdon
23%
95-96Cale Hulse
22.1%
05-06Ken Klee
22.1%
97-98 to 98-99Sasha Lakovic
21.2%
02-03 to 03-04Ray Giroux
20.7%
00-01 to 01-02Sascha Goc
20.3%
07-08Vitaly Vishnevsky
19.8%
99-00Eric Bertrand
19.4%
00-01 to 01-02Pierre Dagenais
19.4%
01-02Andreas Salomonsson
19.4%
96-97Jeff Reese
18.9%
05-06Jason Wiemer
18.9%
03-04Rob Skrlac
18.5%
06-07Jim Fahey
17.6%
00-01Ed Ward
16.2%
07-08Noah Clarke
15.8%
08-09Patrick Davis
15.8%
08-09Petr Vrana
15.8%
94-95 to 97-98Reid Simpson
15.3%
03-04 to 05-06Alexander Suglobov
14%
01-02Josef Boumedienne
13.5%
95-96 to 96-97Ricard Persson
13.1%
08-09Jay Leach
12.6%
97-98Vlastimil Kroupa
11.7%
06-07Alex Brooks
11.3%
00-01Stanislav Gron
11.3%
06-07Dan LaCouture
10.4%
07-08Olli Malmivaara
9%
05-06Jason Ryznar
8.6%
01-02Joel Bouchard
7.7%
97-98Rich Shulmistra
6.8%
02-03 to 03-04Craig Darby
4.5%
98-99Bryan Muir
3.6%
01-02Bruce Gardiner
3.2%

You're not logged in!

Compare scores with friends on all Sporcle quizzes.
Join for Free
OR
Log In

You Might Also Like...

Show Comments

Extras

Top Quizzes Today


Score Distribution

Your Account Isn't Verified!

In order to create a playlist on Sporcle, you need to verify the email address you used during registration. Go to your Sporcle Settings to finish the process.

Report this User

Report this user for behavior that violates our Community Guidelines.

Details: